000 00282nam a2200109Ia 4500
008 220204s9999 xx 000 0 und d
082 _a658.3(035)
_bBOW
245 0 _aHandbook of salary and wage systems
260 _aGreat Britain
_bGrower
_c1975
700 _aBowey, A M
942 _cBK
999 _c38401
_d38401